| 000 | 00820nam a2200133Ia 4500 | ||
|---|---|---|---|
| 008 | 220615s9999||||xx |||||||||||||| ||und|| | ||
| 022 | _a0302-9743 / 1611-3349 | ||
| 100 | _aJosefina Hernández-Correa||Claudio Gelmi||Isabel Hilliger||MarÃa Fernanda Rodriguez||Mar Pérez-SanagustÃn | ||
| 245 | 0 | _aChapter: 'Does Taking a MOOC as a Complement for Remedial Courses Have an Effect on My Learning Outcomes? A Pilot Study on Calculus' from book: Adaptive and Adaptable Learning: 11th European Conference on Technology Enhanced Learning, EC-TEL 2016, Lyon, France, September 13-16, 2016, Proceedings | |
| 546 | _aEnglish[eng] | ||
| 650 | _aadoption||pilot study||higher education||learning outcomes||remedial courses||MOOCs | ||
| 856 | _uhttps://link.springer.com/chapter/10.1007/978-3-319-45153-4_17 | ||
| 942 | _cEB | ||
| 999 |
_c13769 _d13769 |
||